000 01737nam0a2200421 4500
001 RU\NLR\bibl\206330
005 20250619095315.0
020 _aRU
_b01-45855
_9Книжная летопись
021 _aRU
_b2001-29867
_91430
035 _a(NLR Aleph) 000202576
090 _a1174287
_c1174287
100 _a20011114d2001 |||y0rusy50 ca
101 0 _arus
102 _aRU
105 _aa |||||||||
200 1 _aОпределение сечения ядерных реакций в сложных цепочках распада атомных ядер
_fИ. Адам (Чехия), А. Балабекян (Армения), В. С. Пронских и др.
210 _aДубна
_cОИЯИ
_d2001
215 _a14 с.
_cграф.
_d22
225 1 _aПрепринт
_fОбъед. ин-т ядер. исслед.
_vР15-2001-3
320 _aБиблиогр.: с. 14
606 0 _aАтомное ядро
_xЯдерные реакции
_xСечения
_92191372
_3RU\NLR\auth\661317286
606 0 _aЯдерные реакции
_xСечения
_92227024
_3RU\NLR\auth\661336882
610 0 _aЯдерные реакции - Эффективные сечения
610 0 _aАтомное ядро - Распад
675 _a539.172
_v3
_zrus
686 _a29.15
_2rugasnti
686 _a22.383
_2rubbk
686 _aВ383.5
701 1 _aАдам
_bИ.
_4070
701 1 _aБалабекян
_bА. Р.
_gАнаит Рафиковна
_4070
701 1 _aПронских
_bВ. С.
_gВиталий Станиславович
_4070
801 0 _aRU
_bRKP
_c20011114
_gPSBO
801 1 _aRU
_bRKP
_c20011114
801 2 _aRU
_bNLR
_c20011219
_grcr
942 _cBOOK
980 _aNB